logo

Bir Sreshtho Munshi Abdur Rouf Library
Jhenaidah Cadet College

Vladimir Ilyich Lenin : (Record no. 14038)

MARC details
000 -LEADER
fixed length control field 00870cam a2200277 a 4500
001 - CONTROL NUMBER
JCCL Control Number 14038
003 - CONTROL NUMBER IDENTIFIER
JCCL marc code BD-JhCC
005 - DATE AND TIME OF LATEST TRANSACTION
control field 20240525131803.0
008 - FIXED-LENGTH DATA ELEMENTS--GENERAL INFORMATION
fixed length control field 750731s1974 ruraf 000 0beng
035 ## - SYSTEM CONTROL NUMBER
system control number (BD-JhCC)14038
035 ## - SYSTEM CONTROL NUMBER
system control number 151592
040 ## - CATALOGING SOURCE
Original cataloging agency LC
Transcribing agency LC
Modifying agency ABN-SNR
041 ## - LANGUAGE CODE
Language code of Book eng
050 00 - LIBRARY OF CONGRESS CALL NUMBER
Classification number DK254.L4
Item number Z4615
082 00 - DEWEY DECIMAL CLASSIFICATION NUMBER
Classification number 947.08410
Author mark and Year ZEV 1975
100 1# - MAIN ENTRY--PERSONAL NAME
Personal name Zevin,V
245 10 - TITLE STATEMENT
Title Vladimir Ilyich Lenin :
Remainder of title life and work /
Statement of responsibility, etc [V. Zevin and G. Golikov].
260 ## - PUBLICATION, DISTRIBUTION, ETC. (IMPRINT)
Place of publication, distribution, etc Moscow :
Name of publisher, distributor, etc Novosti Press,
Date of publication, distribution, etc 1975.
300 ## - PHYSICAL DESCRIPTION
Pagination 174 p., 32 leaves of plates :
Other physical details ill. ;
Dimensions 16 cm.
500 ## - GENERAL NOTE
General note Translation of V. I. Lenin.
600 10 - SUBJECT ADDED ENTRY--PERSONAL NAME
Personal name Lenin, Vladimir Ilich,
Dates associated with a name 1870-1924.
650 #0 - SUBJECT ADDED ENTRY--TOPICAL TERM
Topical term or geographic name as entry element Heads of state
Geographic subdivision Soviet Union
General subdivision Biography.
650 #0 - SUBJECT ADDED ENTRY--TOPICAL TERM
Topical term or geographic name as entry element Revolutionaries
Geographic subdivision Soviet Union
Form subdivision Biography.
700 1# - ADDED ENTRY--PERSONAL NAME
Personal name Golikov, G.
Fuller form of name (Georgii),
Dates associated with a name 1913-,
942 ## - ADDED ENTRY ELEMENTS (KOHA)
Source of classification or shelving scheme Dewey Decimal Classification
Koha item type Books
Holdings
Source of classification or shelving scheme Damaged status Not for loan Home library Current library Shelving location Date of accession Total Checkouts Full call number Barcode Date last seen Copy number Method of acquisition Koha item type Currency
Dewey Decimal Classification     JCC Rouf Library JCC Rouf Library General Stacks     947.08410 ZEV 1975 12063 05/25/2024 C-1 Purchase Books BDT

JCC Library | Contacts | JCC Home

Last Update on 23 September 2017
Copyright @ 2017-2020 JCC Rouf Library
Rouf Library, Jhenidah Cadet College (JCC), Bangladesh